| 000 | 00639nas a2200229 4500 | ||
|---|---|---|---|
| 001 | BR8503190 | ||
| 003 | BR-BrBNA | ||
| 005 | 20231205090235.0 | ||
| 007 | ta | ||
| 008 | 230509b bl.|||p| |||| 00| 00por d | ||
| 040 |
_aBR-BrBNA _bpor _cBiblioteca Nacional de Agricultura |
||
| 041 | _a(Pt) | ||
| 072 | _aF01 | ||
| 100 | 1 | _aAnon. | |
| 245 | 1 | _aJojoba e mais uma opcao para a agricultura nordestina | |
| 650 | _aLAVOURA | ||
| 650 | _aPLANTIO | ||
| 650 | _aJOJOBA | ||
| 773 | 0 |
_tDirigente Rural (Brazil) _xISSN 0012-3374 _g(Sep 1985), v. 24(9) p. 32-35 _wBR8503190 |
|
| 909 |
_a202311 _bLúcia _c55 _dLúcia Elande |
||
| 942 |
_2AGRIS _n0 _cANA |
||
| 999 |
_c117057 _d117057 |
||